000 00967nam a22002297a 4500
999 _c8734
_d8734
003 GBCCL
005 20241126110657.0
008 210922b ||||| |||| 00| 0 eng d
020 _a9781433688935
020 _a143368893X
040 _cGBC
082 _a262
_bCHU
100 _aLeeman, Jonathan
_915406
245 _aUnderstanding the congregation's authority /
_cauthor and series editor Jonathan Leeman.
260 _aNashville, Tennessee :
_bB & H Publishing Group,
_c[2016] ©2016
300 _avi, 71 pages ;
_c18 cm
440 _aChurch basics.
_915402
505 _aJesus' discipleship program -- The big picture -- Adam had a job -- Now Jesus gives the job to your church -- Your pastors train you for your job -- Conclusion: your job responsibilities -- Appendix: quick answers to critiques of elder-led congregationalism.
650 _aElders (Church officers)
_vBiblical teaching.
_915407
650 _aChurch polity.
_92966
942 _2ddc
_cBK
_02